<?xml version="1.0" encoding="UTF-8"?>
<collection xmlns="http://www.loc.gov/MARC21/slim">
    <record>
        <controlfield tag="001">94628</controlfield>
        <controlfield tag="005">20200819092756.0</controlfield>
        <datafield tag="037" ind1=" " ind2=" ">
            <subfield code="a">TAZ-TFG-2020-2485</subfield>
        </datafield>
        <datafield tag="041" ind1=" " ind2=" ">
            <subfield code="a">spa</subfield>
        </datafield>
        <datafield tag="100" ind1="1" ind2=" ">
            <subfield code="a">Rezusta Fragoso, Laura</subfield>
        </datafield>
        <datafield tag="242" ind1="0" ind2="0">
            <subfield code="a">Design of a course aimed at the promotion of responsible pet ownership</subfield>
        </datafield>
        <datafield tag="245" ind1="0" ind2="0">
            <subfield code="a">Diseño de una acción formativa para la tenencia responsable de animales de compañía en propietarios</subfield>
        </datafield>
        <datafield tag="260" ind1=" " ind2=" ">
            <subfield code="a">Zaragoza</subfield>
            <subfield code="b">Universidad de Zaragoza</subfield>
            <subfield code="c">2020</subfield>
        </datafield>
        <datafield tag="506" ind1=" " ind2=" ">
            <subfield code="a">by-nc-sa</subfield>
            <subfield code="b">Creative Commons</subfield>
            <subfield code="c">3.0</subfield>
            <subfield code="u">http://creativecommons.org/licenses/by-nc-sa/3.0/</subfield>
        </datafield>
        <datafield tag="520" ind1=" " ind2=" ">
            <subfield code="a">En este trabajo se aborda una recomendación de guía de tenencia responsable para propietarios. Es desarrollada en un marco de reducción de abandonos como objetivo final, ante la falta de información sobre las necesidades y la propia tenencia responsable, previa a la adquisición por parte de los propietarios.&lt;br />Para ello, se analizan estudios previamente realizados sobre la misma, se define el concepto de la tenencia responsable y las implicaciones que conlleva. También se contextualiza la situación de la tenencia, con las percepciones que poseen los propietarios sobre las responsabilidades implícitas en ella y las motivaciones que derivan en la adquisición.&lt;br />Además se realiza un abordaje de la formación o planes de educación en este ámbito ya desarrollados, para la justificación de la misma y como base en el esquema general de la guía.&lt;br />Finalmente, con el estudio de todas estas vertientes y con base a las conclusiones establecidas, es desarrollada una guía formativa que abarca los conceptos más importantes para practicar una tenencia responsable, y que otorgue una herramienta útil para ser empleada en formaciones futuras.&lt;br />&lt;br /></subfield>
        </datafield>
        <datafield tag="521" ind1=" " ind2=" ">
            <subfield code="a">Graduado en Veterinaria</subfield>
        </datafield>
        <datafield tag="540" ind1=" " ind2=" ">
            <subfield code="a">Derechos regulados por licencia Creative Commons</subfield>
        </datafield>
        <datafield tag="700" ind1=" " ind2=" ">
            <subfield code="a">Palacio Liesa, Jorge Ignacio</subfield>
            <subfield code="e">dir.</subfield>
        </datafield>
        <datafield tag="710" ind1="2" ind2=" ">
            <subfield code="a">Universidad de Zaragoza</subfield>
            <subfield code="b">Patología Animal</subfield>
            <subfield code="c">Medicina y Cirugía Animal</subfield>
        </datafield>
        <datafield tag="856" ind1="0" ind2=" ">
            <subfield code="f">704965@unizar.es</subfield>
        </datafield>
        <datafield tag="856" ind1="4" ind2=" ">
            <subfield code="s">596568</subfield>
            <subfield code="u">http://zaguan.unizar.es/record/94628/files/TAZ-TFG-2020-2485.pdf</subfield>
            <subfield code="y">Memoria (spa)</subfield>
        </datafield>
        <datafield tag="909" ind1="C" ind2="O">
            <subfield code="o">oai:zaguan.unizar.es:94628</subfield>
            <subfield code="p">driver</subfield>
            <subfield code="p">trabajos-fin-grado</subfield>
        </datafield>
        <datafield tag="950" ind1=" " ind2=" ">
            <subfield code="a"></subfield>
        </datafield>
        <datafield tag="951" ind1=" " ind2=" ">
            <subfield code="a">deposita:2020-08-19</subfield>
        </datafield>
        <datafield tag="980" ind1=" " ind2=" ">
            <subfield code="a">TAZ</subfield>
            <subfield code="b">TFG</subfield>
            <subfield code="c">VET</subfield>
        </datafield>
        <datafield tag="999" ind1=" " ind2=" ">
            <subfield code="a">20200629002208.CREATION_DATE</subfield>
        </datafield>
    </record>

    
</collection>